[Event "?"]
[Site "?"]
[Date "1998.??.??"]
[Round "7.1"]
[White "Khmiadashvili, T."]
[Black "Sorokina, T."]
[Result "1-0"]
[WhiteElo "2170"]
[BlackElo "2180"]
[PlyCount "43"]
[EventDate "1998.??.??"]

1. b3 c5 2. Bb2 Nc6 3. f4 d6 4. Nf3 Nf6 5. e3 e6 6. g3 Be7 7. Bg2 O-O 8. O-O
Qc7 9. d3 e5 10. Nbd2 exf4 11. gxf4 d5 12. Ne5 Nxe5 13. Bxe5 Qd8 14. Qf3 Ng4
15. Bb2 d4 16. Nc4 Rb8 17. a4 Bf6 18. e4 18... g6 19. h3 Nh6 20. f5 Qc7 21. Bc1
Nxf5 22. Bf4 1-0

[Event "?"]
[Site "?"]
[Date "1998.??.??"]
[Round "7.3"]
[White "Fatalibekova, E."]
[Black "Abdikasova, P."]
[Result "1-0"]
[WhiteElo "2215"]
[BlackElo "2080"]
[PlyCount "85"]
[EventDate "1998.??.??"]

1. d4 d5 2. Nf3 Nf6 3. c4 e6 4. Nc3 Nbd7 5. Bg5 c6 6. e3 Qa5 7. Qb3 Ne4 8. Bf4
Bb4 9. Rc1 Nxc3 10. bxc3 Be7 11. Bd3 Nf6 12. h3 O-O 13. O-O Ne4 14. cxd5 exd5
15. Bxe4 dxe4 16. Nd2 b5 17. Ra1 Be6 18. Qc2 f5 19. a4 Qb6 20. Rfb1 a5 21. c4
b4 22. Nb3 Qd8 23. Rd1 Qc8 24. Rac1 Rd8 25. c5 Kf7 26. Rf1 Ra7 27. Nd2 Bd5 28.
f3 exf3 29. gxf3 Kg8 30. Nc4 Qe6 31. Ne5 Bb3 32. Qb2 Bxa4 33. Rf2 Bb5 34. e4
fxe4 35. fxe4 Bf6 36. Kh2 Bxe5 37. Bxe5 Rf7 38. Rxf7 Qxf7 39. Rg1 g6 40. Rg2
Bd3 41. Rf2 Qc4 42. Qd2 Qa6 43. Qf4 1-0

[Event "?"]
[Site "?"]
[Date "1998.??.??"]
[Round "7.4"]
[White "Winter, I."]
[Black "Shestoperova, A."]
[Result "0-1"]
[WhiteElo "1863"]
[BlackElo "2175"]
[PlyCount "144"]
[EventDate "1998.??.??"]

1. e4 c5 2. Nf3 a6 3. c4 Nc6 4. d4 cxd4 5. Nxd4 d6 6. Nc3 Nf6 7. Be2 g6 8. O-O
Bg7 9. Be3 O-O 10. Qd2 Bd7 11. Rad1 Nxd4 12. Bxd4 Bc6 13. Qe3 Qc8 14. Nd5 Bxd5
15. exd5 Re8 16. Rfe1 h5 17. Bxf6 Bxf6 18. b3 h4 19. Qh6 Qf5 20. Bd3 Qg5 21.
Qxg5 Bxg5 22. Re4 Kg7 23. Rg4 Bf6 24. Bf5 Rh8 25. Re1 b5 26. Bd3 b4 27. Rge4
Ra7 28. Bf1 a5 29. Bd3 a4 30. Bc2 axb3 31. Bxb3 Kf8 32. Rc1 Bc3 33. Rc2 Rh5 34.
h3 g5 35. Rce2 Rh6 36. Kf1 f5 37. Re6 Bf6 38. Bd1 g4 39. hxg4 fxg4 40. Rc2 g3
41. Bg4 Rg6 42. Bh3 Ra3 43. f4 Rh6 44. Ke2 Rh8 45. Re3 Bc3 46. Kf3 Kf7 47. Be6+
Kf6 48. Kg4 Kg7 49. Bd7 Bf6 50. Rxa3 bxa3 51. Re2 Rb8 52. Bb5 Kf7 53. Kh3 Rh8
54. Re6 Bd4 55. Ba4 Rb8 56. Bb5 Bf6 57. Re3 Ra8 58. Rb3 Kg6 59. Bd7 Ra7 60. Be6
Ra4 61. Bd7 Rxc4 62. Rxa3 Rxf4 63. Rf3 Rd4 64. Bc6 Rd1 65. Rf4 Kg5 66. Rg4+ Kf5
67. Bd7+ Ke5 68. Ra4 Kxd5 69. Bc8 Ke5 70. Bb7 d5 71. Rb4 Kf5 72. Bc8+ e6 0-1

[Event "?"]
[Site "?"]
[Date "1998.??.??"]
[Round "8.1"]
[White "Fatalibekova, E."]
[Black "Khmiadashvili, T."]
[Result "1/2-1/2"]
[WhiteElo "2215"]
[BlackElo "2170"]
[PlyCount "93"]
[EventDate "1998.??.??"]

1. d4 Nf6 2. Nf3 e6 3. g3 b6 4. Bg2 Bb7 5. O-O Qc8 6. c4 c5 7. b3 cxd4 8. Bb2
Nc6 9. Nxd4 Nxd4 10. Bxd4 Bxg2 11. Kxg2 Qc6+ 12. Kg1 h5 13. h3 Bc5 14. Nc3 Ne4
15. Nxe4 Qxe4 16. Bxc5 bxc5 17. Qd6 Qd4 18. Qxd4 cxd4 19. c5 Ke7 20. Rac1 h4
21. g4 Rhf8 22. Rc4 e5 23. f4 f6 24. fxe5 fxe5 25. Rxf8 Rxf8 26. Ra4 Rc8 27. b4
Rb8 28. a3 Rb7 29. Ra6 d5 30. Rg6 Kd8 31. c6 Re7 32. b5 Kc7 33. a4 Rf7 34. Re6
e4 35. a5 g5 36. Rg6 d3 37. exd3 e3 38. Re6 d4 39. Re4 a6 40. bxa6 Kxc6 41.
Rxd4 e2 42. Rc4+ Kd5 43. Rc1 Kd4 44. Ra1 Ke3 45. d4 Kd2 46. Ra2+ Kd3 47. Ra1
1/2-1/2

[Event "?"]
[Site "?"]
[Date "1998.??.??"]
[Round "8.2"]
[White "Erenska-Radzewska, H."]
[Black "Shestoperova, A."]
[Result "1-0"]
[WhiteElo "2225"]
[BlackElo "2175"]
[PlyCount "89"]
[EventDate "1998.??.??"]

1. e4 g6 2. d4 Bg7 3. c3 d6 4. h3 Nf6 5. Bd3 O-O 6. Nf3 Na6 7. O-O c5 8. Re1
cxd4 9. Nxd4 Nc5 10. Bc2 a6 11. Bg5 Qc7 12. Nd2 e5 13. N4b3 Ne6 14. Be3 b5 15.
a4 Bb7 16. axb5 axb5 17. Qe2 Bc6 18. Bd3 Rfb8 19. Rxa8 Rxa8 20. Bxb5 Nxe4 21.
Nxe4 Bxe4 22. Nd2 Bb7 23. Qc4 d5 24. Qxc7 Nxc7 25. Bd7 Ne6 26. Nb3 Bf8 27. Bxe6
fxe6 28. Bc5 Bg7 29. Bd6 e4 30. Nc5 Bc8 31. Rc1 Bf8 32. Bxf8 Kxf8 33. b4 Ke7
34. Kh2 Kd6 35. Rc2 Bd7 36. Rd2 Ke7 37. c4 Rb8 38. cxd5 Rxb4 39. d6+ Kd8 40.
Ra2 Bc6 41. Ra7 Rc4 42. Nxe6+ Kc8 43. Rc7+ Kb8 44. d7 Bxd7 45. Rxd7 1-0

[Event "?"]
[Site "?"]
[Date "1998.??.??"]
[Round "8.4"]
[White "Sorokina, T."]
[Black "Malinicheva, L."]
[Result "1-0"]
[WhiteElo "2180"]
[BlackElo "2020"]
[PlyCount "89"]
[EventDate "1998.??.??"]

1. Nf3 d5 2. c4 e6 3. b3 Nf6 4. Bb2 Be7 5. g3 c6 6. Bg2 b5 7. cxb5 cxb5 8. O-O
O-O 9. d3 Bb7 10. Nbd2 Nbd7 11. a3 a5 12. Rc1 b4 13. a4 Qb6 14. Qc2 Rac8 15.
Qb1 Ba6 16. h3 Nh5 17. Bd4 Bc5 18. Qb2 Bxd4 19. Nxd4 Nc5 20. N2f3 Rfe8 21. Kh2
g6 22. Ne5 Ng7 23. f4 h5 24. g4 Qd6 25. g5 Rc7 26. Rc2 Rec8 27. Rfc1 27... Qe7
{ } 28. Ndc6 Qd6 29. Rxc5 Bb7 30. Qc2 Bxc6 31. e4 Ne8 32. Rxc6 Rxc6 33. Nxc6
Qxf4+ 34. Kh1 Kh7 35. Rf1 Qc7 36. exd5 Nd6 37. Qf2 Nf5 38. Kg1 exd5 39. Nd4 Ng7
40. Qxf7 Qg3 41. Qf4 Qxd3 42. Kh2 Re8 43. Rc1 Re7 44. Rc8 Qa6 45. Qb8 1-0

[Event "?"]
[Site "?"]
[Date "1998.??.??"]
[Round "8.5"]
[White "Duer, M."]
[Black "Abdikasova, P."]
[Result "0-1"]
[WhiteElo "1748"]
[BlackElo "2080"]
[PlyCount "86"]
[EventDate "1998.??.??"]

1. c4 c5 2. Nc3 Nc6 3. g3 g6 4. Bg2 Bg7 5. e3 d6 6. Nge2 Nf6 7. O-O O-O 8. d3
Bd7 9. a3 Qc8 10. Nf4 Rb8 11. Nfd5 Re8 12. Rb1 Nxd5 13. Nxd5 Bh3 14. Qc2 Bxg2
15. Kxg2 b5 16. b3 e6 17. Nf4 Qb7 18. f3 bxc4 19. dxc4 a5 20. Bd2 Qa8 21. Bc3
Ne5 22. Bxe5 Bxe5 23. Ne2 Rb6 24. Rfd1 Reb8 25. Kf2 Qb7 26. Nc1 a4 27. Rd3 Qa6
28. Ne2 Bf6 29. Qd1 d5 30. Rc1 axb3 31. cxd5 b2 32. Rb1 c4 33. Rd2 exd5 34.
Rxd5 Qxa3 35. Qc2 Re8 36. e4 Rb3 37. Qxc4 Rxf3+ 38. Kg2 Qe3 39. Ng1 Rf2+ 40.
Kh1 Qxe4+ 41. Qxe4 Rxe4 42. Rb5 Rc4 43. Rd5 Rcc2 0-1

[Event "?"]
[Site "?"]
[Date "1998.??.??"]
[Round "9.2"]
[White "Abdikasova, P."]
[Black "Erenska-Radzewska, H."]
[Result "0-1"]
[WhiteElo "2080"]
[BlackElo "2225"]
[PlyCount "174"]
[EventDate "1998.??.??"]

1. e4 d5 2. e5 c5 3. Nf3 Bg4 4. h3 Bh5 5. d3 Bxf3 6. Qxf3 Nc6 7. Qe2 e6 8. Nd2
Qc7 9. Nf3 Nd4 10. Nxd4 cxd4 11. g3 Rc8 12. Bd2 Qb6 13. Bc1 Bb4+ 14. Kd1 Ne7
15. a3 Qa6 16. Rb1 Ba5 17. Rh2 O-O 18. b4 Bb6 19. g4 Qa4 20. f4 Qd7 21. h4 f6
22. exf6 gxf6 23. h5 Bc7 24. Bh3 Kf7 25. Rf2 b5 26. Ke1 Rce8 27. Kf1 Nc6 28.
Qf3 Ke7 29. Bd2 Kd8 30. Re1 Kc8 31. Kg1 Kb8 32. Rfe2 Re7 33. Bg2 Rd8 34. Kh1
Qd6 35. Bh3 e5 36. Rf2 Rde8 37. Bg2 e4 38. dxe4 dxe4 39. Qe2 d3 40. cxd3 e3 41.
Rff1 exd2 42. Qxd2 Rxe1 43. Rxe1 Rxe1+ 44. Qxe1 Qxf4 45. Qe8+ Nd8 46. Qxb5+ Bb6
47. a4 Qxg4 48. Kh2 Qh4+ 49. Bh3 Qf2+ 50. Bg2 Kc8 51. Kh3 Bc7 52. Qa6+ Kd7 53.
Qb5+ Ke7 54. Qc5+ Qxc5 55. bxc5 h6 56. Kg4 Ne6 57. c6 Nd4 58. Be4 a5 59. Bd5
Kd6 60. Be4 Ke5 61. Kg3 Ne2+ 62. Kf3 Nc3 63. Bg6 Nxa4 64. Ke2 Kd4 65. Kd2 Nc5
66. Bf5 Bb6 67. Bg6 a4 68. Kc2 Bc7 69. Bh7 Be5 70. Bg6 a3 71. Kb1 Nxd3 72. Ka2
Nb4+ 73. Kxa3 Nxc6 74. Kb3 Ne7 75. Bf7 Kd3 76. Bc4+ Kd2 77. Bf1 Nf5 78. Bh3 Ne3
79. Bd7 Bd4 80. Kb4 f5 81. Kb5 f4 82. Kc6 Ke2 83. Kd6 Kf3 84. Ke6 Kg4 85. Be8
f3 86. Bb5 Kxh5 87. Kf7 Kg5 0-1

[Event "?"]
[Site "?"]
[Date "1998.??.??"]
[Round "9.3"]
[White "Bognarne"]
[Black "Fatalibekova, E."]
[Result "0-1"]
[WhiteElo "2035"]
[BlackElo "2215"]
[PlyCount "68"]
[EventDate "1998.??.??"]

1. c4 e5 2. Nc3 d6 3. d3 g6 4. g3 Bg7 5. Bg2 f5 6. e4 Nf6 7. Bg5 c6 8. exf5
gxf5 9. Nh3 O-O 10. O-O Na6 11. Rb1 Nc5 12. b4 Ne6 13. Bd2 d5 14. b5 d4 15. Ne2
c5 16. Ng5 Qe7 17. Nxe6 Bxe6 18. Re1 Qf7 19. Bg5 Rae8 20. Bxf6 Bxf6 21. Qd2 Kh8
22. a4 Rg8 23. b6 a6 24. Qa5 Rc8 25. Nc1 e4 26. Nb3 Be7 27. dxe4 Bxc4 28. Nd2
Bd3 29. Rbc1 Rcf8 30. f4 h5 31. exf5 h4 32. Re5 hxg3 33. Nf3 gxh2+ 34. Kxh2 Qa2
0-1

[Event "?"]
[Site "?"]
[Date "1998.??.??"]
[Round "9.4"]
[White "Malinicheva, L."]
[Black "Zatulovskaya, T."]
[Result "0-1"]
[WhiteElo "2020"]
[BlackElo "2170"]
[PlyCount "92"]
[EventDate "1998.??.??"]

1. g3 Nf6 2. Bg2 d5 3. c4 c6 4. b3 g6 5. Bb2 Bg7 6. Nf3 O-O 7. O-O Nbd7 8. d4
Ne4 9. Nfd2 f5 10. e3 Ndf6 11. f3 Nd6 12. Re1 Be6 13. c5 Nf7 14. Nc3 Qd7 15.
Rc1 g5 16. Bf1 g4 17. Bd3 Ng5 18. Ne2 Nh3+ 19. Kg2 Bf7 20. Nf4 Nxf4+ 21. exf4
gxf3+ 22. Nxf3 Bh5 23. Ne5 Qe8 24. Be2 Bxe2 25. Qxe2 Ne4 26. Rc2 Kh8 27. Bc1
Rg8 28. Rg1 Bf6 29. Kf1 e6 30. Qf3 Rg7 31. Be3 Bxe5 32. fxe5 Qg6 33. Qf4 Rag8
34. Rcg2 h5 35. Ke2 Qg4+ 36. Qxg4 Rxg4 37. Kf3 Ng5+ 38. Bxg5 R8xg5 39. h4 Rg7
40. Rd1 f4 41. Rdg1 Rf7 42. a3 fxg3+ 43. Ke3 Rff4 44. Kd3 Rf3+ 45. Kd2 Rxd4+
46. Ke2 Rdd3 0-1

[Event "?"]
[Site "?"]
[Date "1998.??.??"]
[Round "9.5"]
[White "Shestoperova, A."]
[Black "Sorokina, T."]
[Result "1-0"]
[WhiteElo "2175"]
[BlackElo "2180"]
[PlyCount "107"]
[EventDate "1998.??.??"]

1. Nf3 Nf6 2. b4 g6 3. Bb2 Bg7 4. c4 d6 5. e3 e5 6. d3 O-O 7. Be2 Re8 8. Nbd2
Nbd7 9. Qc2 a5 10. a3 b6 11. O-O Bb7 12. Ne1 Qe7 13. b5 Nc5 14. a4 Nfd7 15. Nb3
f5 16. Nxc5 dxc5 17. Rd1 Nf8 18. Bf3 e4 19. dxe4 fxe4 20. Bg4 Rad8 21. g3 Rxd1
22. Bxd1 Rd8 23. Bg4 Bxb2 24. Qxb2 Qg7 25. Qc2 Qe5 26. Ng2 h5 27. Be2 Ne6 28.
h4 Kg7 29. Rd1 Rxd1+ 30. Qxd1 Qd6 31. Qa1+ Kh7 32. Qf6 Ng7 33. Qf7 Bc8 34. Nf4
Bf5 35. Nd5 Be6 36. Qxc7 Qxc7 37. Nxc7 Kg8 38. Na8 Ne8 39. Nxb6 Nd6 40. f3 Kf7
41. fxe4 Nxe4 42. Kg2 Nd6 43. Kf3 Bg4+ 44. Kf2 Ne4+ 45. Ke1 Bxe2 46. Kxe2 Nxg3+
47. Kf3 Nf5 48. Nd7 Nxh4+ 49. Kf2 Ke7 50. Nxc5 Kd6 51. Nb7+ Kc7 52. Nxa5 Nf5
53. c5 Ne7 54. e4 1-0

[Event "?"]
[Site "?"]
[Date "1998.??.??"]
[Round "9.6"]
[White "Winter, I."]
[Black "Kattinger, I."]
[Result "0-1"]
[WhiteElo "1863"]
[BlackElo "1593"]
[PlyCount "65"]
[EventDate "1998.??.??"]

1. e4 d6 2. d4 g6 3. Nf3 Bg7 4. Nc3 Nd7 5. Be2 e5 6. Be3 c6 7. O-O Ne7 8. Qd2
h6 9. Rad1 Qc7 10. a4 f5 11. dxe5 dxe5 12. exf5 Nxf5 13. Ne4 O-O 14. Bc4+ Kh7
15. a5 Nxe3 16. fxe3 Nf6 17. Nc5 b6 18. axb6 axb6 19. Ne6 Bxe6 20. Bxe6 Rad8
21. Qb4 Nd5 22. Qe4 Rf6 23. Bh3 Re8 24. c4 Ne7 25. Rd7 Qb8 26. Rfd1 Nf5 27.
Bxf5 gxf5 28. Qh4 Rg6 29. Qh5 Rf8 30. h4 Qe8 31. Ng5+ Kg8 32. Nf7 Rf6 33. g4
0-1

[Event "?"]
[Site "?"]
[Date "1998.??.??"]
[Round "10.1"]
[White "Khmiadashvili, T."]
[Black "Shestoperova, A."]
[Result "1-0"]
[WhiteElo "2170"]
[BlackElo "2175"]
[PlyCount "153"]
[EventDate "1998.??.??"]

1. e4 c5 2. b3 Nc6 3. Bb2 e6 4. d3 d6 5. g3 Nf6 6. Bg2 Bd7 7. f4 Qc7 8. Nf3 Be7
9. Qe2 e5 10. fxe5 dxe5 11. c4 Nd4 12. Nxd4 cxd4 13. O-O O-O 14. h3 Be6 15. Nd2
a5 16. a3 Nd7 17. Nf3 b6 18. Bc1 Nc5 19. Rb1 Bd7 20. b4 axb4 21. axb4 Na4 22.
Bd2 Nc3 23. Bxc3 dxc3 24. Kh2 Ra4 25. b5 Bc5 26. Rbc1 Bd4 27. Rc2 Be6 28. Ng5
Qe7 29. Qh5 h6 30. Nf3 Qd6 31. Nh4 Qe7 32. Nf5 Qg5 33. Qf3 Bxf5 34. exf5 Rb4
35. h4 Qf6 36. Qe2 Rb2 37. Be4 Rxc2 38. Qxc2 g6 39. Qe2 g5 40. Kh3 Kg7 41. Qc2
Rd8 42. Qb3 Rd6 43. c5 Bxc5 44. Qxc3 Rd4 45. Qc1 Rb4 46. hxg5 hxg5 47. Kg4 Rxb5
48. Rh1 Rb4 49. Rh5 Ra4 50. Rxg5+ Kf8 51. Rh5 Ke7 52. Kh3 Qg7 53. g4 f6 54. g5
fxg5 55. Kg4 Kd8 56. Qh1 Be7 57. Rh7 Qf6 58. Rh6 Qf7 59. Rxb6 Qd5 60. f6 Bc5
61. Qh8+ Kd7 62. Qh7+ Kc8 63. Rb5 Qc6 64. Qf5+ Kc7 65. Qxe5+ Bd6 66. Qd5 Qxd5
67. Rxd5 Ra1 68. Kxg5 Rg1+ 69. Kf5 Kd7 70. Rb5 Bf8 71. Rb8 Bd6 72. Rb7+ Kc8 73.
Ke6 Bc5 74. Rg7 Bd4 75. Rxg1 Bxg1 76. Ke7 Kc7 77. f7 {Rest unleserlich} 1-0

[Event "?"]
[Site "?"]
[Date "1998.??.??"]
[Round "10.3"]
[White "Kattinger, I."]
[Black "Fatalibekova, E."]
[Result "0-1"]
[WhiteElo "1593"]
[BlackElo "2215"]
[PlyCount "30"]
[EventDate "1998.??.??"]

1. e4 c5 2. Nc3 e6 3. g3 d5 4. Bg2 d4 5. Nce2 d3 6. cxd3 Qxd3 7. Nf4 Qd7 8. Nf3
Nc6 9. O-O Nf6 10. e5 Ng4 11. Re1 Nh6 12. b3 Nf5 13. Bb2 Be7 14. h4 O-O 15. a3
15... b6 {Rest unleserlich, 0:1 im 49. Zug} 0-1

[Event "?"]
[Site "?"]
[Date "1998.??.??"]
[Round "10.4"]
[White "Zatulovskaya, T."]
[Black "Abdikasova, P."]
[Result "1-0"]
[WhiteElo "2170"]
[BlackElo "2080"]
[PlyCount "118"]
[EventDate "1998.??.??"]

1. d4 d5 2. Nf3 Nf6 3. c4 e6 4. Nc3 Nbd7 5. Bg5 Be7 6. e3 a6 7. c5 h6 8. Bh4 g5
9. Bg3 Nh5 10. b4 Nxg3 11. hxg3 Bf6 12. Nd2 c6 13. Nb3 b6 14. cxb6 Qxb6 15. a3
Rb8 16. Na4 Qc7 17. Rc1 Bb7 18. Be2 Ra8 19. Qc2 Be7 20. Na5 Nb8 21. g4 Bc8 22.
Nb2 Bd7 23. Nd3 Bd6 24. Nc5 Bc8 25. Bd3 Kf8 26. Qe2 Kg7 27. g3 e5 28. dxe5 Bxe5
29. Bf5 Ra7 30. Kf1 Re8 31. Kg2 Bf6 32. Nd3 Bxf5 33. gxf5 Qd7 34. g4 Qe7 35.
Nc5 Qe5 36. Rc2 Rae7 37. Qf3 Qd6 38. Nab3 Nd7 39. Nxd7 Qxd7 40. Qh3 d4 41. Nxd4
Bxd4 42. exd4 Qd5+ 43. Kh2 Re4 44. Rc5 Qxd4 45. Qc3 Rxg4 46. Qxd4+ Rxd4 47.
Rxc6 Ra8 48. Rhc1 Rd3 49. R1c3 Rd1 50. Rc2 Rd3 51. R2c4 Rdd8 52. R4c5 Rd2 53.
Rc2 Rd3 54. R2c3 Rxc3 55. Rxc3 a5 56. b5 a4 57. Rc4 Rb8 58. Rb4 Kf6 59. b6
59... Kxf5 {Zeitueberschreitung im 100. Zug} 1-0

[Event "?"]
[Site "?"]
[Date "1998.??.??"]
[Round "11.2"]
[White "Richter, H."]
[Black "Erenska-Radzewska, H."]
[Result "0-1"]
[WhiteElo "1644"]
[BlackElo "2225"]
[PlyCount "74"]
[EventDate "1998.??.??"]

1. d4 d6 2. Nf3 Nf6 3. Bg5 c6 4. Bxf6 gxf6 5. Nbd2 Qb6 6. Rb1 Qa5 7. a3 Bf5 8.
e3 Nd7 9. Be2 e5 10. O-O Rg8 11. Kh1 Be6 12. Nc4 Qc7 13. dxe5 dxe5 14. Ncd2
O-O-O 15. Qe1 Nb6 16. Ne4 f5 17. Neg5 Ba2 18. Rd1 Rxd1 19. Qxd1 e4 20. b3 20...
h6 { } 21. Nxe4 fxe4 22. Nd4 Bg7 23. Qa1 c5 24. Nb5 Bxa1 25. Nxc7 Be5 26. Nb5
a6 27. Na7+ Kc7 28. f4 Bf6 29. g4 Nd5 30. g5 Nxe3 31. Rg1 hxg5 32. Rg3 Nxc2 33.
Bc4 Rg7 34. Rg2 Bb1 35. a4 gxf4 36. Rxg7 Bxg7 37. Bxf7 f3 0-1

[Event "?"]
[Site "?"]
[Date "1998.??.??"]
[Round "11.3"]
[White "Fatalibekova, E."]
[Black "Winter, I."]
[Result "1-0"]
[WhiteElo "2215"]
[BlackElo "1863"]
[PlyCount "69"]
[EventDate "1998.??.??"]

1. d4 d5 2. Nf3 Nf6 3. c4 dxc4 4. Nc3 Bf5 5. g3 e6 6. Bg2 c6 7. Ne5 h6 8. O-O
Be7 9. Nxc4 O-O 10. e4 Bh7 11. Be3 Nbd7 12. a4 Nb6 13. Ne5 Nfd7 14. Nxd7 Qxd7
15. Qe2 a5 16. d5 c5 17. Rfd1 exd5 18. Nxd5 Nxd5 19. Rxd5 Qc6 20. e5 Qc8 21.
Qb5 Re8 22. Bxc5 Ra6 23. Bxe7 Rxe7 24. Rad1 Ra8 25. Qb6 Re8 26. Rd7 Bf5 27.
Rxb7 Qc2 28. Bf3 Re6 29. Qc7 Qxc7 30. Rxc7 Rb8 31. Rc5 Rxb2 32. Rxa5 Bc2 33.
Rc1 Reb6 34. Ra8+ Kh7 35. Rxc2 1-0

[Event "?"]
[Site "?"]
[Date "1998.??.??"]
[Round "11.4"]
[White "Girod, G."]
[Black "Zatulovskaya, T."]
[Result "0-1"]
[WhiteElo "1356"]
[BlackElo "2170"]
[PlyCount "51"]
[EventDate "1998.??.??"]

1. d4 Nf6 2. Nf3 d6 3. h3 Nbd7 4. e3 e5 5. dxe5 dxe5 6. Bb5 c6 7. Be2 Be7 8.
O-O O-O 9. c3 Qc7 10. Qc2 a5 11. e4 Nc5 12. Nbd2 a4 13. b3 axb3 14. Nxb3 Nxb3
15. Qxb3 Nxe4 16. Bb2 Be6 17. c4 f6 18. Qc2 Nc5 19. Rfd1 Rfd8 20. Rxd8+ Rxd8
21. Ba3 Bf7 22. Nh4 g6 23. Bc1 Ne6 24. Be3 f5 25. Nxf5 gxf5 26. Qxf5 0-1

[Event "?"]
[Site "?"]
[Date "1998.??.??"]
[Round "11.5"]
[White "Sorokina, T."]
[Black "Bognarne"]
[Result "1-0"]
[WhiteElo "2180"]
[BlackElo "2035"]
[PlyCount "125"]
[EventDate "1998.??.??"]

1. Nf3 Nf6 2. c4 d6 3. d4 g6 4. g3 Bg7 5. Nc3 c6 6. Bg2 O-O 7. O-O Nbd7 8. b3
e5 9. e3 Qc7 10. Bb2 Ne8 11. Qd2 exd4 12. Nxd4 Nc5 13. h3 Bd7 14. Rad1 Rd8 15.
Nde2 Bc8 16. Qc2 Nf6 17. Nd4 Ne6 18. Nxe6 Bxe6 19. Rd2 Rd7 20. Rfd1 Rfd8 21.
Ne2 a6 22. e4 Qa5 23. Bc3 Qc7 24. f4 Re7 25. Bxf6 Bxf6 26. e5 Bg7 27. exd6 Rxd6
28. Rxd6 Re8 29. Qd2 Bf6 30. Kh2 Be7 31. c5 h5 32. Ng1 Kg7 33. Rxe6 fxe6 34.
Qd7 Qd8 35. Qxd8 Rxd8 36. Rxd8 Bxd8 37. b4 Bf6 38. Ne2 Kf7 39. Nc1 Bd4 40. Nd3
Kf6 41. Be4 Bc3 42. h4 a5 43. bxa5 Bxa5 44. Kg2 Bc3 45. Kf3 Bd4 46. Ke2 Bc3 47.
Ne5 Bd4 48. Nxg6 Bxc5 49. Ne5 Bd4 50. Bf3 Kf5 51. Bxh5 c5 52. Bg6+ Kf6 53. Bd3
b6 54. Nd7+ Kg7 55. Nxb6 e5 56. fxe5 Bxe5 57. Kf3 Bf6 58. a4 Bd8 59. a5 Bc7 60.
Nc4 Kf6 61. a6 Bb8 62. Nd6 Ke6 63. Nb5 1-0